Portugal UEFA Euro 2024 Squad - Statistics

General Stats
  • This quiz has been taken 3,426 times
    3,323 since last reset
  • The average score is 19 of 27
Answer Stats
# Position Player % Correct
7 FW © Cristiano Ronaldo
100%
10 MF Bernardo Silva
91%
3 DF Pepe
88%
8 MF Bruno Fernandes
87%
4 DF Rúben Dias
87%
24 DF António Silva
86%
22 GK Diogo Costa
83%
17 FW Rafael Leão
80%
1 GK Rui Patrício
80%
11 FW João Félix
79%
20 DF João Cancelo
78%
15 MF João Neves
74%
19 DF Nuno Mendes
74%
18 MF Rúben Neves
72%
9 FW Gonçalo Ramos
70%
23 MF Vitinha
68%
12 GK José Sá
67%
21 FW Diogo Jota
66%
5 DF Diogo Dalot
61%
Manager Roberto Martínez
58%
6 MF João Palhinha
53%
2 DF Nélson Semedo
51%
26 FW Francisco Conceição
48%
13 DF Danilo Pereira
46%
14 DF Gonçalo Inácio
46%
25 FW Pedro Neto
44%
16 MF Matheus Nunes
36%
No matching quizzes found
Score Distribution
Percent of People with Each Score
Percentile by Number Answered
Your Score History
You have not taken this quiz since the last reset